Movies Quiz

Random Movies or Actor Quiz
Score 0/40 Timer 04:00
0 Plays Today
Question Answer Wrong Answers
Raiders of the Lost Ark Harrison Ford
93.4%
Chevy Chase
1.3%
Caddyshack Chevy Chase
93%
Harrison Ford
2.1%
Air Force One Harrison Ford
92.8%
Chevy Chase
1.4%
Patriot Games Harrison Ford
92%
Chevy Chase
2.7%
¡Three Amigos! Chevy Chase
91.7%
Harrison Ford
2.8%
Vacation Chevy Chase
91.3%
Harrison Ford
4.1%
Funny Farm Chevy Chase
90.1%
Harrison Ford
4.3%
Witness Harrison Ford
89%
Chevy Chase
5.6%
Hot Tub Time Machine Chevy Chase
88.7%
Harrison Ford
5.6%
Not Another Not Another Movie Chevy Chase
88.5%
Harrison Ford
5.9%
Fletch Chevy Chase
87%
Harrison Ford
7.7%
Funny Money Chevy Chase
86.7%
Harrison Ford
7.9%
Presumed Innocent Harrison Ford
86.5%
Chevy Chase
8%
Cowboys & Aliens Harrison Ford
84.9%
Chevy Chase
9.9%
Cops and Robbersons Chevy Chase
84.6%
Harrison Ford
10%
Snow Day Chevy Chase
83.9%
Harrison Ford
10.1%
Spies Like Us Chevy Chase
82%
Harrison Ford
12.3%
Oh Heavenly Dog Chevy Chase
81.9%
Harrison Ford
12.9%
Man of the House Chevy Chase
81.1%
Harrison Ford
13.4%
Six Days Seven Nights Harrison Ford
80.9%
Chevy Chase
13.1%
Regarding Henry Harrison Ford
80.5%
Chevy Chase
14.4%
Working Girl Harrison Ford
80.2%
Chevy Chase
14%
The Expendables 3 Harrison Ford
78.4%
Chevy Chase
15.8%
Sabrina Harrison Ford
77.8%
Chevy Chase
16.7%
Nothing But Trouble Chevy Chase
75.6%
Harrison Ford
18%
Modern Problems Chevy Chase
75%
Harrison Ford
19%
Extraordinary Measures Harrison Ford
73.4%
Chevy Chase
20.7%
Memoirs of an Invisible Man Chevy Chase
73%
Harrison Ford
22.1%
Deal of the Century Chevy Chase
71.9%
Harrison Ford
22.4%
Seems Like Old Times Chevy Chase
70.8%
Harrison Ford
23.5%
Foul Play Chevy Chase
67.6%
Harrison Ford
26.4%
Random Hearts Harrison Ford
67.5%
Chevy Chase
26.8%
Paranoia Harrison Ford
66%
Chevy Chase
28.1%
Hollywood Homicide Harrison Ford
65.8%
Chevy Chase
28.9%
Hanover Street Harrison Ford
64.1%
Chevy Chase
30.9%
Orange County Chevy Chase
61.2%
Harrison Ford
32.5%
Morning Glory Harrison Ford
60.6%
Chevy Chase
33.3%
Crossing Over Harrison Ford
58.3%
Chevy Chase
35.7%
The Frisco Kid Harrison Ford
47.5%
Chevy Chase
46.8%
Anchorman 2: The Legend Continues Harrison Ford
28.6%
Chevy Chase
65.8%
Remove Ads.
Support Sporcle.
Get the best of Sporcle when you Go Orange. This ad-free experience offers more features, more stats, and more fun while also helping to support Sporcle. Thank you for becoming a member.

You're not logged in!

Compare scores with friends on all Sporcle quizzes.
OR
Log In

Sporcle TV

Today on Sporcle TV


Watch our educational content, quiz creation guides, and fun videos on Sporcle TV.

Show Comments

Extras

Top Quizzes Today


Score Distribution

Paid Content

Your Account Isn't Verified!

In order to create a playlist on Sporcle, you need to verify the email address you used during registration. Go to your Sporcle Settings to finish the process.

Report this User

Report this user for behavior that violates our Community Guidelines.

Details: